Slapská přehrada

Korporativní autor: Ústřední správa geodézie a kartografie
Další autoři: Kelemen, Albert, 1922-1985, Stasz, Michal, Bobáň, František, 1927-, Hlaváč, Lumír, Kejř, Jaroslav, Mottl, J., Farkaš, A., Pravda, Ján, 1934-, Kimlíček, O., Kartografický a reprodukčný ústav (Bratislava, Slovensko)
Jazyk: Ruština
Němčina
Čeština
Angličtina
Vydáno: [Praha] : Ústřední správa geodézie a kartografie, 1965
Témata:
Fyzický popis: 1 mapa : barev. ; 23 x 63 cm, na listu 23 x 84 cm , složeno na 23 x 11 cm
Language note: Text i legenda česky, německy, anglicky a rusky, místopis česky
Mapy
Uloženo v:
LEADER 02672nem a2200553 a 4500
001 001385094
003 CZ BrMZK
005 20140506082441.0
007 aj|canzn
008 111208s1965 xr ag a 0| cze d
015 |a cnb002039882 
034 1 |a a  |b 50000  |d E0141021  |e E0143100  |f N0495112  |g N0493500 
040 |a BOA001  |b cze 
041 0 |a cze  |a ger  |a eng  |a rus 
043 |a e-xr---  |b e-xr-cc  |2 czenas 
044 |a xr  |a xo 
072 7 |a 913(437)  |x Geografie Česka a Slovenska, reálie, cestování  |2 Konspekt  |9 7 
072 7 |a 912  |x Mapy. Atlasy. Glóby  |2 Konspekt  |9 7 
080 |a 796.5:625.711.8  |2 MRF 
080 |a 913:338.483.1  |2 MRF 
080 |a 913(437.31-191.2)  |2 MRF 
080 |a 912.43:796.5  |2 MRF 
245 0 0 |a Slapská přehrada  |h [kartografický dokument] /  |c zpracoval a vytiskl Kartografický a reprodukční ústav v Bratislavě ; odpovědný redaktor Albert Kelemen ; technický redaktor Michal Stasz ; obálka: F. Bobáň ; spolupracovali: L. Hlaváč ... [et al.] 
255 |a Měřítko [ca 1:50 000]  |c (14°10´21" v.d.--14°31´00" v.d./49°51´12" s.š.--49°35´00" s.š.) 
260 |a [Praha] :  |b Ústřední správa geodézie a kartografie,  |c 1965  |e (V Bratislavě :  |f Kartografický a reprodukční ústav) 
300 |a 1 mapa :  |b barev. ;  |c 23 x 63 cm, na listu 23 x 84 cm , složeno na 23 x 11 cm 
500 |a Obsahuje doplňkovou mapu s určením polohy zobrazeného území 
500 |a Na rubu doprovodný text 
500 |a Další údaje o odpovědnosti: spolupracovali: L. Hlaváč, J. Kejř, A. Mottl, A. Farkaš, J. Pravda, O. Kimlíček 
546 |a Text i legenda česky, německy, anglicky a rusky, místopis česky 
650 0 7 |a turistické trasy  |7 ph606745  |2 czenas 
650 0 7 |a turistické zajímavosti  |7 ph126800  |2 czenas 
655 7 |a turistické mapy  |7 fd133737  |2 czenas 
651 7 |a Slapy (Česko : vodní nádrž)  |7 ge138214  |2 czenas 
700 1 |a Kelemen, Albert,  |d 1922-1985  |7 jx20061209045  |4 pbd 
700 1 |a Stasz, Michal  |7 jo2007376761  |4 red 
700 1 |a Bobáň, František,  |d 1927-  |7 mzk2014819321  |4 bjd 
700 1 |a Hlaváč, Lumír  |7 jk01041183  |4 oth 
700 1 |a Kejř, Jaroslav  |4 oth 
700 1 |a Mottl, J.  |4 oth 
700 1 |a Farkaš, A.  |4 oth 
700 1 |a Pravda, Ján,  |d 1934-  |7 mzk2004228229  |4 oth 
700 1 |a Kimlíček, O.  |4 oth 
710 2 |a Ústřední správa geodézie a kartografie  |7 kn20050506060  |4 pbl 
710 2 |a Kartografický a reprodukčný ústav (Bratislava, Slovensko)  |7 ko2003164640  |4 ctg  |4 prt 
910 |a BOA001  |b Skř.9A-0547.839 
990 |a MP 
991 |b 201405 
996 6 |b 2619672621  |c Skř.9A-0547.839  |l MZK  |r Sklad / do 24 hodin  |n 0  |w 001427804  |u 000010  |a 1  |e BOA001  |j MZK50  |s P